Strategic management of public enterprises in developing countries / (Record no. 58789)
[ view plain ]
| 000 -LEADER | |
|---|---|
| fixed length control field | 01034nam a2200289 a 4500 |
| 001 - CONTROL NUMBER | |
| control field | 58789 |
| 003 - CONTROL NUMBER IDENTIFIER | |
| rucl marc code | BD-RjUL |
| 005 - DATE AND TIME OF LATEST TRANSACTION | |
| control field | 20211209080646.0 |
| 008 - FIXED-LENGTH DATA ELEMENTS--GENERAL INFORMATION | |
| fixed length control field | 161219s1997 ii b 001 0 eng d |
| 020 ## - INTERNATIONAL STANDARD BOOK NUMBER | |
| International Standard Book Number | 8125902198 |
| 035 ## - SYSTEM CONTROL NUMBER | |
| System control number | (BD-RjUL)58913 |
| System control number | 1654026 |
| 040 ## - CATALOGING SOURCE | |
| Original cataloging agency | ANL |
| Language of cataloging | eng |
| Transcribing agency | ANL |
| Modifying agency | BD-RjUL |
| 041 ## - LANGUAGE CODE | |
| Language code of text/sound track or separate title | eng |
| 082 04 - DEWEY DECIMAL CLASSIFICATION NUMBER | |
| Classification number | 352.266091724 |
| Edition number | 23 |
| Author mark and year | STR 1997 |
| 245 00 - TITLE STATEMENT | |
| Title | Strategic management of public enterprises in developing countries / |
| Statement of responsibility, etc. | editors, S. Ramnarayan, I.M. Pandey. |
| 260 ## - PUBLICATION, DISTRIBUTION, ETC. (IMPRINT) | |
| Place of publication, distribution, etc. | New Delhi : |
| Name of publisher, distributor, etc. | Vikas Pub. House, |
| Date of publication, distribution, etc. | 1997. |
| 300 ## - PHYSICAL DESCRIPTION | |
| Pagination | viii, 326 p. : |
| Illustrations | ill., map ; |
| Size | 25 cm. |
| 504 ## - BIBLIOGRAPHY, ETC. NOTE | |
| Bibliography, etc | Includes bibliographical references and index. |
| 650 #0 - SUBJECT ADDED ENTRY--TOPICAL TERM | |
| Topical term or geographic name as entry element | Government business enterprises |
| Geographic subdivision | Developing countries. |
| 9 (RLIN) | 174775 |
| Topical term or geographic name as entry element | Public administration |
| Geographic subdivision | Developing countries. |
| 9 (RLIN) | 174776 |
| Topical term or geographic name as entry element | Strategic planning |
| Geographic subdivision | Developing countries. |
| 9 (RLIN) | 174777 |
| 651 #0 - SUBJECT ADDED ENTRY--GEOGRAPHIC NAME | |
| Geographic name | Developing countries |
| General subdivision | Economic conditions. |
| 9 (RLIN) | 174336 |
| 700 1# - ADDED ENTRY--PERSONAL NAME | |
| Personal name | Ramnarayan, S. |
| Personal name | Pandey, I. M. |
| 942 ## - ADDED ENTRY ELEMENTS (KOHA) | |
| Source of classification or shelving scheme | Dewey Decimal Classification |
| Koha item type | Books |
| Lost status | Source of classification or shelving scheme | Damaged status | Not for loan | Collection code | Permanent Location | Current Location | Shelving location | Date acquired | Source of acquisition | Cost, normal purchase price | Total Checkouts | Full call number | Date last seen | Copy number | Koha item type |
|---|---|---|---|---|---|---|---|---|---|---|---|---|---|---|---|
| Dewey Decimal Classification | Not For Loan | Non-fiction | Central Library, University of Rajshahi | Central Library, University of Rajshahi | Reading Room | 16/09/1999 | new delhi | 495.00 | 352.266091724 STR 1997 | 19/12/2016 | C-1 | Books |